| 000 | 00836nam a2200253 a 4500 | ||
|---|---|---|---|
| 001 | 64668 | ||
| 003 | BD-RjUL | ||
| 005 | 20211209081331.0 | ||
| 008 | 170219s1961 nyu 000 0 eng d | ||
| 035 | _a(BD-RjUL)64798 | ||
| 040 |
_aDLC _cODaWU _dOCoLC _dNBuCC _dUk _dBD-RjUL _beng |
||
| 041 | _aeng | ||
| 082 |
_223 _a895 _bTRE 1961 |
||
| 245 | 0 | 2 |
_aA treasury of modern Asian stories / _cedited by Daniel Milton and William Clifford. |
| 260 |
_aNew York : _bNew American Library, _c1961. |
||
| 300 |
_a237 p. ; _c18 cm. |
||
| 490 | 0 |
_aMentor book ; _vMD329 |
|
| 650 | 0 |
_aShort stories, Oriental _xTranslations into English. _9191731 |
|
| 651 | 0 |
_aAsia _xSocial life and customs _xFiction. _9191732 |
|
| 700 | 1 |
_aMilton, Daniel L. _9191733 |
|
| 700 | 1 |
_aClifford, William, _d1924- _eed. _9191734 |
|
| 942 |
_2ddc _cBK |
||
| 999 |
_c64668 _d64668 |
||